000 00909nam a2200229Ii 4500
003 JO-AjNU
008 230605s9999||||xx |||||||||||||| ||und||
017 _a2001/14307
020 _a977-337-117-4
040 _aJO-AjNU
_bara
_erda
_cJO-AjNU
041 _aara
050 1 4 _aHD62.15.2013
100 3 _aبميك، خبراء مركز الخبرات المهنية للادارة؛ المستشار العلمي عبدالرحمن توفيق,
_eauthor
_944133
245 0 0 _aمنهج الجودة الشاملة :ادارة الجودة الشاملة
264 3 1 _aالقاهرة: المنظمة العربية للتنمية الادارية،2013
300 _a49ص
336 _atext
_btxt
_2rdacontent
337 _aunmediated
_bn
_2rdamedia
338 _avolume
_bnc
_2rdacarrier
490 0 _aالمناهج التدريبية 168
650 4 _aادارة الانتاج-ضبط الجودة
_944134
999 _aA19030
_c22598
_d22598